La América Latina: integración regional y luchas de emancipación /
Shranjeno v:
| Glavni avtor: | |
|---|---|
| Format: | Texto |
| Teme: | |
| Oznake: |
Označite
Brez oznak, prvi označite!
|
MARC
| LEADER | 00000 a a2200000 04500 | ||
|---|---|---|---|
| 001 | 44046 | ||
| 003 | |||
| 040 | |||
| 100 | |a Codas, Gustavo | ||
| 245 | |a La América Latina: |b integración regional y luchas de emancipación / |c Gustavo Codas | ||
| 650 | |a INTEGRACION REGIONAL | ||
| 650 | |a ECONOMIA | ||
| 650 | |a NEOLIBERALISMO | ||
| 650 | |a POLITICA | ||
| 650 | |a AMERICA LATINA | ||
| 773 | |g número45 ( , 2007), páginas 5-10 | ||
| 999 | |c 28181 |d 28181 | ||
